00672nam a2200169 a 450000100100000000500170001000800410002704000250006808200140009310000370010724501300014426000550027430000350032904900090036495201120037399900170048500003039320200930062305.0110516s1981 dr ac 000 0 spa d aDO-SdBNPbspacBNPHU axxxbS9611 aSuro, Darío,d1917-199895702710aSuro :bselección retrospectiva de la obra de Dario Suro : dibuos, oleos, acrilicas, collages y procelanas /cDarío Suro. aSanto Domingo :bGalería de Arte Moderno,c1981. a16 p. :bil., retrs. ;c21 cm. aBNPD 0010718PDaPDbPDcCTd2011-05-16iLF1l0oxxx S961p30393-10r2020-06-25w2020-06-25yLFPDZNo se presta c29885d29885